Quick Pick: Toyota Models Quiz Stats

 Plays Quiz Updated May 3, 2019

Score 0/10 Timer 01:00
0 Plays Today
% Correct
Corolla
96.6%
Camry
90.9%
Prius
83.8%
RAV4
82.6%
Celica
79.2%
Yaris
75%
Tacoma
71.4%
Tercel
68.4%
Sienna
60.8%
Echo
43.1%

Today's Daily Dose

You're not logged in!

Compare scores with friends on all Sporcle quizzes.
OR
Log In

Sporcle TV

Today on Sporcle TV


Watch our educational content, quiz creation guides, and fun videos on Sporcle TV.

Show Comments

Extras

Top Quizzes Today


Score Distribution

Your Account Isn't Verified!

In order to create a playlist on Sporcle, you need to verify the email address you used during registration. Go to your Sporcle Settings to finish the process.

Report this User

Report this user for behavior that violates our Community Guidelines.

Details: